| 000 | 00793nam a2200229 i 4500 | ||
|---|---|---|---|
| 001 | 99612 | ||
| 003 | ES-MaACL | ||
| 005 | 20230906182527.0 | ||
| 007 | t| | ||
| 008 | 050913s1972 sp ||||1| spa d | ||
| 020 | _a84-217-5716-4 | ||
| 100 | 1 |
_aMartínez Bande, José Manuel. _977883 |
|
| 245 | 1 | 3 |
_aEl final del frente norte / _cJosé Manuel Martínez Bande. |
| 260 |
_aMadrid : _bSan Martín, _c1972. |
||
| 300 |
_a313 p., 11 lám.,13 map. pleg., 2 plan. pleg. ; _c24 cm. |
||
| 490 | 1 |
_aMonografías de la Guerra de España ; _v8 |
|
| 500 | _3Precede al tít.: Servicio Histórico Militar | ||
| 710 | 1 |
_aEspaña. _bServicio Histórico Militar. _93980 |
|
| 830 | 0 |
_aMonografías de la Guerra de España ; _v8 _9184535 |
|
| 852 |
_aES-MaACL _jC-48921 _bR.84158 |
||
| 999 |
_c99612 _d99612 |
||